=LDR 00000nam 2200000 4500 =001 NUTBA000000000000733 =005 20140401102510.0 =006 =007 =008 =020 ##$$a 979-22-2186-7 =035 ##$$a 0010-041400000000003 =040 ##$$b Ind =082 ##$$a 813 =090 ##$$a 813$bBuc j =100 ##$$a Buckley, christoher. =245 ##$$a Jangan main-main dengan ibu negara$cChristopher buckley =260 ##$$a Jakarta$bGramedia$c2006. =300 ##$$a 448 Hlm$c18 cm. =850 ##$$a NBPNMAT =990 ##$$a 21111557 =990 ##$$a 92209/BPAP-NTB/2014 =990 ##$$a 0001/BPAP-NTB/20142014